000 01341cam a2200373 a 4500
001 1213538
003 OSt
005 20150827094958.0
008 990326s2000 maua b 001 0 eng
010 _a 99026455
020 _a0071202730
040 _aDLC
_cDLC
_dDLC
050 0 0 _aQA 303
_b.H711 2000
082 0 0 _aM 515
_bH68 2000
100 1 _aHoffmann, Laurence D.,
_d1943-
245 1 0 _aCalculus for business, economics, and the social and life sciences /
_cHoffmann, Laurence D.
246 3 0 _aCalculus
250 _a7th edition.
260 _aBoston :
_bMcGraw-Hill,
_c2000.
300 _axxi, 723 pages :
_billustrations ;
_c24 cm.
500 _aIncludes bibliographical references and index.
526 _c1210L to 1700L
562 _e3
650 0 _aCalculus.
700 1 _aBradley, Gerald L.,
_d1940-
856 4 2 _3Publisher description
_uhttp://www.loc.gov/catdir/description/mh023/99026455.html
856 4 1 _3Table of contents
_uhttp://www.loc.gov/catdir/toc/mh023/99026455.html
906 _a7
_bcbc
_corignew
_d1
_eocip
_f19
_gy-gencatlg
942 _2lcc
_cBK
999 _c16437
_d16437